| 000 | 01519nam a2200373 a 4500 | ||
|---|---|---|---|
| 999 |
_c148659 _d148659 |
||
| 003 | BLK | ||
| 005 | 20230916133827.0 | ||
| 008 | 180410b bul|||||r ||||||| ||bul|| | ||
| 010 | _aKNG00154884000 | ||
| 020 | _a954-8038-23-4 | ||
| 040 | _aBLK | ||
| 041 |
_aBUL _cBUL |
||
| 080 |
_aФренска литература _b821.133.1 _x-93-34 _z821.133.1-93-34 |
||
| 100 | 1 |
_aЮри, Женевиев _eпърви автор _9243310 |
|
| 139 |
_aЮри, Женевиев _bЮ 29 |
||
| 245 | 1 | 0 |
_aПървият бал на Гари _b[Приказка] _cЖеневиев Юри; прев. от фр. Светла Костова Христова; ил. Лоик Жуаниго. |
| 257 | _aFRA | ||
| 260 |
_aСофия _bПан _c1993 |
||
| 300 |
_a25 с. _bс цв. ил. _c24 см |
||
| 380 | _aDX | ||
| 490 |
_aЗаешка фамилия _vкн. 1 _9207077 |
||
| 500 | _aОриг. загл. Le premier bal d'Agaric Passiflore. - 20 000 тир. | ||
| 653 | _aдетска литература | ||
| 700 | 1 |
_aХристова, Светла Костова _eпрев. от фр. _9376774 |
|
| 700 | 1 |
_aЖуаниго, Лоик _eил. _968627 |
|
| 852 | _aЦб 265905 | ||
| 856 | 4 |
_qpdf _i0.00 _ldisable |
|
| 856 | 4 |
_qpdf _i0.00 _ldisable |
|
| 942 |
_cKNG _n0 _07 _s1 |
||
| 944 |
_aCR _c21.12.2013 _lРусанова Ирена _k30542 |
||
| 944 |
_aED _c06.06.2017 _l21.12.2013 - от С1,Р / 21.12.2013 _kВиолета_Тройчева |
||
| 999 | _d148659 | ||
| 999 | _d148659 | ||